I'm Seeing (Stunt) Double! Quiz Stats

 Plays Quiz Updated Sep 22, 2016

Also try: Pie in the Face!
Challenge
Share
Tweet
Score 0/26 Timer 06:00
8 Plays Today
% Correct
Johnny Depp
97.8%
The Rock
88.5%
Brad Pitt
88%
Mark Wahlberg
85.1%
Jennifer Lopez
83.4%
Robert De Niro
79.2%
Arnold Schwarzenegger
76.8%
Michael J. Fox
73.1%
Angelina Jolie
71.4%
Mark Ruffalo
69.1%
Zooey Deschanel
65.6%
Reese Witherspoon
64.4%
Kurt Russell
64.2%
% Correct
Harrison Ford
59.2%
Rupert Grint
58.7%
Michael Douglas
57%
Ian McKellen
55.3%
Andrew Garfield
54.3%
Lucy Lawless
45.1%
Christian Slater
44.2%
Martin Freeman
42.8%
Lynda Carter
41.4%
Alyson Hannigan
39.6%
Gerard Butler
35.1%
Isaac Hayes
25.5%
Bryce Dallas Howard
25.1%

You're not logged in!

Compare scores with friends on all Sporcle quizzes.
Join for Free
OR
Log In

You Might Also Like...

Show Comments

Extras

Top Quizzes Today


Score Distribution

Your Account Isn't Verified!

In order to create a playlist on Sporcle, you need to verify the email address you used during registration. Go to your Sporcle Settings to finish the process.

Report this User

Report this user for behavior that violates our Community Guidelines.

Details: